عرض عادي
عرض مارك
- الطرهوني، عبد الرحيم
مدخل إسم شخص
001 - رقم الضبط
- حقل الضبط: 5165
003 - معرف رقم الضبط
- حقل الضبط: OSt
005 - تاريخ ووقت أخر عملية
- حقل الضبط: 20111006070833.0
008 - عناصر بيانات ثابتة الطول
- حقل تحكم ثابت الطول: 111006|||a|||||| | ||| d
040 ## - مصدر الفهرسة
- هيئة الفهرسة الأصلية: OSt
- وكالة الكتابة: OSt
100 ## - مدخل -- أسم شخص
- إسم شخص: الطرهوني، عبد الرحيم
- مصطلح الرابط: محقق.
670 ## - بيانات المصدر موجوده
- الاستشهاد بالمصدر: Work cat.: (OSt)7526: مكي بن حموش، مكي بن أبي طالب حموش بن محمد، 355-437 هـ 5164, الكشف عن وجوه القراءات السبع وعللها وحججها /, 2007
